Statistics for Brazil World Cup 2014 squad

Click here to take the quiz!

General Stats

  • This quiz has been taken 576 times
    (530 since last reset)
  • The average score is 16 of 24

Answer Stats

HintAnswer% Correct
FWNeymarBarcelona
97%
DFThiago SilvaPSG
93%
DFDavid LuizChelsea
91%
DFMarceloReal Madrid
88%
MDOscarChelsea
88%
DFDani AlvesBarcelona
87%
FWHulkZenith
86%
GKJulio CesarToronto
83%
MDFernandinhoManchester City
82%
FWFredFluminense
81%
MDWillianChelsea
79%
DFDanteBayern Munich
78%
MDRamiresChelsea
67%
MDPaulinhoTottenham
65%
MDLuiz GustavoWolfsburg
62%
FWAtletico Mineiro
56%
COACHLuiz Felipe Scolari/
56%
FWBernardShakhtar
54%
DFMaxwellPSG
50%
DFMaiconAS Roma
48%
GKJeffersonBotafogo
38%
MDHernanesLazio Roma
37%
GKVictorAtletico Mineiro
26%
DFHenriqueNapoli
22%

Score Distribution

Percentile by Number Answered

Percent of People with Each Score

Your Score History

You have not taken this quiz since the last reset